La mujer en el mundo antiguo
Wedi'i Gadw mewn:
| Prif Awdur: | |
|---|---|
| Fformat: | Llyfr |
| Iaith: | Sbaeneg |
| Cyhoeddwyd: |
Buenos Aires
La Pleyade
1970
|
| Pynciau: | |
| Tagiau: |
Ychwanegu Tag
Dim Tagiau, Byddwch y cyntaf i dagio'r cofnod hwn!
|
MARC
| LEADER | 00000nam a2200000 a 4500 | ||
|---|---|---|---|
| 001 | UCQ7758 | ||
| 003 | CL-VaPUC | ||
| 008 | 981113e19700000AG |||||||||||||||||spa|d | ||
| 082 | 0 | 4 | |a 930 |b SIG |2 21 |
| 100 | 0 | |a Signorelli, Rosa |e author |9 421564 | |
| 245 | 1 | 3 | |a La mujer en el mundo antiguo |
| 300 | |a 157 p | ||
| 942 | |c BK | ||
| 945 | |d 19981113 00:00:00 |a aarredon | ||
| 260 | |a Buenos Aires |b La Pleyade |c 1970 | ||
| 650 | 0 | |a Mujeres |9 257649 | |
| 650 | 0 | |a Historia |9 255047 | |
| 651 | 0 | |a Grecia |9 265314 | |
| 651 | 0 | |a Roma |9 255106 | |
| 651 | 0 | |a India |9 267804 | |
| 651 | 0 | |a China |9 257545 | |
| 651 | 0 | |a Palestina |9 324189 | |
| 651 | 0 | |a Egipto |9 268199 | |
| 583 | |a last modification |c 19981113 00:00:00 |k Rodrigo Vera | ||
| 999 | |c 277213 |d 277211 | ||
| 952 | |0 0 |1 0 |4 0 |6 930_000000000000000_SIG_1970 |7 0 |8 A |9 315036 |a BIBTEO |b BIBTEO |d 2019-11-20 |i 2025299 |o 930 SIG 1970 |p 2025299 |r 2025-01-17 |w 2019-11-20 |y BK |k ICR | ||